000 00525nam a2200205Ia 4500
005 20250923150220.0
008 008 250917s9999 xx 000 0 eng d
037 _aTextual
040 _aDSWL
_beng
_cDSWL
041 _aeng
_2eng
084 _qDSWL
100 _aTanner, Res
_9843487
245 0 _aSocial Behaviour of Children
_cby Res Tanner
260 _aNew Delhi
_b Concept Pub
_c2007
300 _a296 p.
365 _aINR
_b550 .0
925 _g550 .0
942 _cTEXL
999 _c1460895
_d1460895